Najlepsi strzelcy A.C Milanu w historii - Statystyki

Ogólne statystyki
  • Ten quiz został rozwiązany 93 razy
  • Średni wynik to 2 z 10
Statystyki odpowiedzi
Miejsce Liczba goli Piłkarz % Poprawnych
9. 104 Kaka
86%
6. 126 Filippo Inzaghi
31%
7. 125 Marco van Basten
18%
2. 175 Andriy Shevchenko
13%
1. 214 Gunnar Nordah
10%
3. 163 Gianni Rivera
5%
5. 130 Aldo Boffi
3%
8. 105 Giuseppe Santagostino
3%
4. 150 Jose Altafini
3%
10. 102 Pierino Pati
0%
Nie znaleziono quizów pasujących do podanych kryteriów
Rozkład punktacji
Procent ludzi z każdym wynikiem
Percentyl według liczby udzielonych odpowiedzi
Twoja historia wyników
Nie rozwiązałeś tego quizu